Obálka Náhled e-knihy:
PDF Epub
Pro půjčování e-knih musíte být přihlášeni.
Jak si půjčit online?

Pravidla hry /

Další studentská romance slovenské autorky, jejíž dva protagonisté se seznámí vskutku netradičně.

Uloženo v:
Série:Vlci z Arbor Valley, část 1
Hlavní autor: Brnková, Michaela (Autor)
Další autoři: Hladík, Jakub (Autor)
Médium: E-kniha
Jazyk:Czech
Vydáno: Praha : Baronet, 2026
Vydání:1. vydání
Témata:
Příbuzné jednotky:Z cyklu:: Vlci z Arbor Valley
Tagy:
Žádné tagy
LEADER 02846cam a2200457 i 4500
001 312904
003 CZ PrSKC
005 20260601215730.0
007 ta
008 260206s2026 xr g 000 f cze
015 |a cnb003738636 
020 |a 9788026927839  |q (brožováno) :  |c Kč 399,00 
035 |a (OCoLC)1584376897 
040 |a ABG001  |b cze  |d OLA001  |e rda 
041 1 |a cze  |h slo 
072 7 |a 821.162.4  |x Slovenská literatura  |2 Konspekt 
080 |a 821.162.4-31  |2 MRF 
080 |a (0:82-312.5)  |2 MRF 
100 1 |a Brnková, Michaela  |7 ola20221167625  |4 aut 
240 1 0 |a Pravidlá hry.  |l Česky 
245 1 0 |a Pravidla hry /  |c Michaela Brnková ; ze slovenského originálu Pravidlá hry ... přeložil Jakub Hladík 
250 |a 1. vydání 
264 1 |a Praha :  |b Baronet,  |c 2026 
300 |a 317 stran ;  |c 20 cm 
336 |a text  |b txt  |2 rdacontent 
337 |a bez média  |b n  |2 rdamedia 
338 |a svazek  |b nc  |2 rdacarrier 
520 2 |a Další studentská romance slovenské autorky, jejíž dva protagonisté se seznámí vskutku netradičně.  |b Connor a Penelope se potkají za těch nejneočekávanějších okolností - uprostřed noci v temné uličce, když se právě rozešla se svým přítelem, a on... ji napadne a okrade. Penelope však nemůže přestat myslet na muže s tajemným tetováním vlka na krku, který jí té noci za loupež poděkoval, a tak se (poněkud pošetile) rozhodne ho sama najít. Když tak učiní, dozví se víc, než čekala. Její bratr Ayden je trenérem univerzitního hokejového týmu arborských Vlků a jediné, co ho zoufale trápí, je, kde na poslední chvíli najít skvělého útočníka, který by zachránil sezonu. Penelopino pátrání zamíchá kartami, když Connor vytáhne ze skříně svou hokejovou výstroj. Střet dvou odlišných světů odstartuje příběh plný nečekaných spojení, vtipných situací a nakonec i touhy, která vyvolá rozruch nejen na ledě... Nakladatelská anotace. 
655 7 |a slovenské romány  |7 fd133450  |2 czenas 
655 7 |a milostné romány  |7 fd132840  |2 czenas 
655 9 |a Slovak fiction  |2 eczenas 
655 9 |a love novels  |2 eczenas 
700 1 |a Hladík, Jakub  |4 trl 
710 2 |a Baronet (nakladatelství)  |7 xx0220126  |4 pbl 
787 0 8 |i Z cyklu:  |t Vlci z Arbor Valley  |g 1 
900 |a ABA001  |b 21 
928 9 |a Albatros Media - Baronet 
044 |a xr 
910 |a RBIT002 
998 |d 424910  |a https://core.palmknihy.cz/api/books/424910/cover?ta0p4j  |b https://core.palmknihy.cz/api/books/424910/cover/400?ta0p4j  |c https://core.palmknihy.cz/api/books/424910/cover/50?ta0p4j  |e 2036-12-31  |g 320  |i 9788026927839  |j https://core.palmknihy.cz/api/books/424910/preview.epub  |k https://core.palmknihy.cz/api/books/424910/preview.pdf  |l   |q 49  |r 1  |s https://www.palmknihy.cz/kniha/424910  |t ebook  |y 2026  |z 0  |v Vlci z Arbor Valley  |w 1 
999 |d 312902